000 01921nam0a2200313 i 4500
001 RU\NLR\BIBL_A\010435879
005 20260405083641.0
021 _aRU
_b2014-41295
_92515
035 _a(NILC)RuMoRGB-007505182
035 _a(NLR Aleph) 010435879
090 _a9870930
_c9870930
100 _a20140731d2013 u y0rusy50 ca
101 0 _arus
102 _aRU
105 _aa|||j|||001yy
200 1 _aОценка естественного возобновления леса
_eучебно-методическое пособие для студентов очного обучения, направления подготовки бакалавров 250100.62 "Лесное дело"
_fВ.И. Обыденников, С.Н. Волков
_gМ-во образования и науки Рос. Федерации, Федер. гос. бюджет. образоват. учреждение высш. проф. образования "Моск. гос. ун-т леса"
210 _aМосква
_cИзд-во Московского государственного университета леса
_d2013
215 _a37 с.
_cил.
_d20
320 _aБиблиогр.: с. 28-29 (22 назв.)
606 1 _aЛеса
_jУчебно-методические пособия для высших учебных заведений
_xЕстественное возобновление
_xВлияние рубок
_92225510
_3RU\NLR\AUTH\6601568967
610 0 _aестественное возобновление леса
686 1 _aП344.7я73
700 1 _aОбыденников
_bВ. И.
_gВиктор Иванович
701 1 _7ca
_8rus
_aВолков
_bС. Н.
_cканд. биол. наук
_f1964-
_gСергей Николаевич
_913079
_3RU\NLR\AUTH\7730052
801 0 _aRU
_bРГБ
_c20140610
_gRCR
942 _cBOOK
980 _aNBR